000 00547nam a2200229Ia 4500
001 13465
003 GE_BSU
008 181216s||||||||xx |||||||||||||| ||und||
020 _a0201773635
040 _cGE_BSU
080 _a004.42(075.8)
100 _aEarp,Richard. Bagui,Sikha
245 _aLearning SQL:A Step by Step
245 _bGuide Using Oracle
260 _aBoston
260 _bAddison Wesley
260 _c2003
300 _a350p.23cm.
653 _aGuide Using Oracle
653 _aLearning SQL:A Step by Step
942 _cBK
999 _c46625
_d46625